[Event "4th Marx György Mem"]
[Site "Paks HUN"]
[Date "2006.08.05"]
[Round "8"]
[White "Efimenko,Z"]
[Black "Berkes,F"]
[Result "1/2-1/2"]
[WhiteElo "2632"]
[BlackElo "2601"]
[EventDate "2006.07.28"]

1. e4 c5 2. Nf3 d6 3. d4 cxd4 4. Nxd4 Nf6 5. Nc3 a6 6. Be2 e5 7. Nb3 Be7 8.
O-O O-O 9. a4 Be6 10. Bf3 Qc7 11. Re1 Rc8 12. Be3 Nbd7 13. a5 h6 14. h3 Bf8
15. Qd2 Rab8 16. Rec1 b5 17. axb6 Nxb6 18. Na5 Nbd7 19. Rcb1 Nc5 20. Qe2
Nb7 21. Nxb7 Qxb7 22. Bd2 Rc6 23. Qf1 Qc8 24. Ra4 Bd7 25. Ra5 Rcb6 26. b3
d5 27. Nxd5 Nxd5 28. Rxd5 Be6 29. Ra5 Qxc2 30. Be3 Rxb3 31. Rc1 Qb2 1/2-1/2

[Event "4th Marx György Mem"]
[Site "Paks HUN"]
[Date "2006.08.07"]
[Round "10"]
[White "Efimenko,Z"]
[Black "Acs,P"]
[Result "1/2-1/2"]
[WhiteElo "2632"]
[BlackElo "2520"]
[EventDate "2006.07.28"]

1. e4 e5 2. Nf3 Nc6 3. Bb5 a6 4. Ba4 Nf6 5. d3 d6 6. c3 g6 7. Nbd2 Bg7 8.
Nf1 O-O 9. Bg5 Ne7 10. Ne3 h6 11. Bh4 g5 12. Bg3 Ng6 13. O-O Nh5 14. Nf5
Nhf4 15. d4 Qf6 16. Bc2 Rd8 17. h4 d5 18. Bxf4 gxf4 19. Nxg7 Kxg7 20. h5
Nh4 21. dxe5 Nxf3+ 22. Qxf3 Qxe5 23. exd5 Rxd5 24. Rfe1 Qg5 25. Rad1 Rxd1
26. Bxd1 Be6 27. Bb3 Bxb3 28. axb3 Rd8 29. Re4 Rd5 30. Rxf4 Qxh5 31. g4 Rg5
32. Qe4 Qg6 33. Qd4+ Kh7 34. Qd7 Kg7 35. Kf1 h5 36. Qd4+ Kh7 37. Qd7 Kg7
38. Qd4+ Kh7 39. Qd7 Kg7 40. Qd4+ 1/2-1/2